| 000 | 00528nam a2200181Ia 4500 | ||
|---|---|---|---|
| 005 | 20250326123710.0 | ||
| 008 | 250326s9999 xx 000 0 und d | ||
| 037 | _aTextbook | ||
| 040 |
_aFMSL _beng _cFMSL |
||
| 041 |
_aeng _2eng |
||
| 084 |
_aX8(A):8 M6 _qFMSL |
||
| 100 | _aSrivastava S S | ||
| 245 | 0 |
_aManagement and monitoring of industrial sickness _cSrivastava S S; Yadav R A |
|
| 260 |
_aNew Delhi _bNew Delhi, Concept _c1986 |
||
| 300 | _a280p | ||
| 942 |
_cTB _hX8(A):8 M6 |
||
| 999 |
_c1270553 _d1270553 |
||